000 00474nam a2200181 i 4500
001 C2-0293954
003 PPAK
005 20180728025734.0
008 090205s1975 at |||| ||||| | eng d
040 _aPPAK
_beng
_cPPAK
_erda
245 0 4 _aThe Australian Author
264 1 _aSydney :
_bThe Australian Society of Authors ,
_c1975
300 _a44 pages
336 _2rdacontent
_atext
337 _2rdamedia
_aunmediated
338 _2rdacarrier
_avolume
942 _ddc
_cB
999 _c98626
_d98626